Pedagogía cultural en los jardines infantiles : fundamentos teóricos, proposición metodológica y experiencia piloto /

Nuestra cultura está amenazada por la globalización, la desaparición de la cultura en las aulas de clase, la emergencia de sub-culturas a veces violentas y una situación preocupante de desigualdad cultural entre las clases sociales y las regiones. Nuestro sistema educativo, en la Reforma Educacional...

Descripción completa

Detalles Bibliográficos
Autor principal: Tassin Verdeyen, Martine
Formato: Analitica de revista
Lenguaje:español

MARC

LEADER 00000cab a2200000 a 4500
001 026322
003 UAHC_CL
005 20180808132554.0
008 051214b xx j 000 1 spa
952 |0 0  |1 0  |2 ddc  |4 0  |6 BOL___INVEST__EDUC_17_02_000000000000000  |7 0  |8 COMP  |9 53108  |a BC  |b BC  |c General  |d 2017-08-03  |l 0  |o BOL. INVEST. EDUC.-17/02  |r 2018-01-17 00:00:00  |w 2017-08-03  |y REVA 
999 |c 26322  |d 26322 
040 |a UAHC_CL  |c UAHC_CL  |d UAHC_CL 
100 1 |a Tassin Verdeyen, Martine 
245 1 0 |a Pedagogía cultural en los jardines infantiles :  |b fundamentos teóricos, proposición metodológica y experiencia piloto /  |c Martine Tassin. 
500 |a Boletín de Investigación Educacional (Santiago) 2002. vol.17, p. 279-292 
520 |a Nuestra cultura está amenazada por la globalización, la desaparición de la cultura en las aulas de clase, la emergencia de sub-culturas a veces violentas y una situación preocupante de desigualdad cultural entre las clases sociales y las regiones. Nuestro sistema educativo, en la Reforma Educacional, reafirma el objetivo de igualdad de oportunidades. En este contexto, la educación cultural tiene que ser desarrollada pero hace falta una metodología específica.\Primero, analizamos qué tipo de cultura conviene desarrollar, cuáles serían sus objetivos y su interés. Estudiamos también si tienen sentido empezar esta educación en los jardines infantiles.\En seguida proponemos unas orientaciones metodológicas en pedagogía y describimos una experiencia piloto llevada con alumnas en práctica. Para terminar, examinamos el porvenir del proyecto y de la pedagogía cultural en Chile 
773 0 |t Boletín de Investigación Educacional.  |w 025995 
900 |a BOL. INVEST. EDUC.-17/02 
942 |c REVA  |2 ddc